| 000 | 01612nam0a2200361 4500 | ||
|---|---|---|---|
| 001 | RU\NLR\BIBL_A\011690407 | ||
| 005 | 20180511154317.0 | ||
| 010 |
_a978-5-9949-1900-2 _92300 |
||
| 021 |
_aRU _bКН-П-18-023168 _9КН-П-18-1685 |
||
| 035 | _a(NLR Aleph) 011690407 | ||
| 035 | _a(RuMoRGB)009586784 | ||
| 090 |
_a11334596 _c11334596 |
||
| 100 | _a20180427d2018 u y0rusy50 ca | ||
| 101 | 0 | _arus | |
| 102 | _aRU | ||
| 105 | _ay|||j|||000zy | ||
| 200 | 1 |
_aЗанятия в разновозрастной группе _e[пособие] _fТ. В. Волкова, А. С. Червова |
|
| 210 |
_aМосква _cТЦ Сфера _d2018 |
||
| 215 |
_a128 с. _d21 |
||
| 225 | 1 |
_aБиблиотека воспитателя _v3 |
|
| 320 | _aБиблиогр.: с. 123-126 и в подстроч. примеч. | ||
| 606 | 1 |
_aДошкольные учреждения _jУчебные издания _xРазновозрастные группы _xВоспитательно-образовательная работа _92365923 _3RU\NLR\AUTH\6601634563 |
|
| 610 | 0 | _aразновозрастные учебные группы | |
| 610 | 0 | _aдошкольное обучение | |
| 686 |
_aЧ411,6(2)381,0 _2rubbk |
||
| 686 | 1 | _aЧ411.381я7 | |
| 700 | 1 |
_7ca _8rus _aВолкова _bТ. В. _cпедагог-методист _gТатьяна Валерьевна _983140 _3RU\NLR\AUTH\77100214 |
|
| 701 | 1 |
_aЧервова _bА. С. _gАнна Сергеевна |
|
| 942 | _cBOOK | ||
| 980 | _aNBR | ||
| 980 | _aNB | ||